000 00393pab a2200157 454500
008 180718b1972 xxu||||| |||| 00| 0 eng d
100 _aChanda, Asok
245 _aTaxation policy and tax administrative problems
260 _c1972
300 _ap.341-350.
362 _aJul-Sep
650 _aTaxation
773 _aIndian Journal of Public Administration
908 _aN
909 _a99959
999 _c99958
_d99958